000 nam a22 7a 4500
999 _c15827
_d15827
008 161105b xxu||||| |||| 00| 0 eng d
020 _a9781133364454
020 _a1133590837
050 _aQH 308.2 .S73 2013
100 _aStarr, cecie
245 _aBiology :
_btoday and tommorrow/
_cCecie Starr, Christine A. Evers and Lisa Starr.
260 _aAustralia :
_bBrooke/cole,
_c2013.
300 _axx,535p. :
_bill. ;
_c29cm.
500 _aInclude index.
650 _aBiology.
700 _aEvers, Christine A.
700 _aStarr, Lisa.
942 _2lcc
_cBOOKS
_hQH 308.2 .S73 2013
_01